Bosques : el reloj de las estaciones

Guardado en:
Formato: Libro
Publicado: Madrid : Rueda, 2004
Materias:
Etiquetas: Agregar Etiqueta
Sin Etiquetas, Sea el primero en etiquetar este registro!
LEADER 00678nam a22002055a 4500
001 CEM.cems017987
005 20130416120048.0
008 130507s2004##################000#0#####d
003 CEMS
020 |a 8484472639 
082 0 4 |a 591.7152 
245 0 0 |a Bosques :  |b el reloj de las estaciones 
260 |a Madrid :  |b Rueda,  |c 2004 
300 |a 191 p. 
505 0 |a El bosque mediterráne, un paraíso para los conejos -- Bosques templados, los ecos de la berrea -- La Taiga, hogar de animles solitarios 
653 |a Animales 
653 |a Fauna de los bosques 
653 |a Bosques-fauna 
653 |a Fauna-hábitat 
859 |a CEMS  |b BIB. CEMS - Agricultura  |h 591.7152  |i An546-1  |p A1821.13  |t Ej.1